ر مو ز ا د ب (Record no. 181461)

MARC details
000 -LEADER
fixed length control field 00609nam a22001937a 4500
005 - DATE AND TIME OF LATEST TRANSACTION
control field 20210915110137.0
010 ## - LCCN (DPL NO)
LC control number UR-11232
020 ## - INTERNATIONAL STANDARD BOOK NUMBER
Terms of availability 400.00
International Standard Book Number 9789390533305
035 ## - SYSTEM CONTROL NUMBER
System control number U-9787
037 ## - SOURCE OF ACQUISITION
Source of stock number/acquisition DBAD/PUB
082 ## - DEWEY DECIMAL CLASSIFICATION NUMBER
Classification number 844.08
100 ## - MAIN ENTRY--PERSONAL NAME
Personal name حبيب سيفی
245 ## - TITLE STATEMENT
Title ر مو ز ا د ب
Statement of responsibility, etc حبيب سيفی
246 ## - VARYING FORM OF TITLE
Title proper/short title Rumooz-e-Adab (Urdu)
Remainder of title by Habib Saifi
260 ## - PUBLICATION, DISTRIBUTION, ETC. (IMPRINT)
Place of publication, distribution, etc N.Delhi
Date of publication, distribution, etc 2021 ء
Name of publisher, distributor, etc Educational Publishing House
270 ## - ADDRESS
Address 3191, Vakil Street, Kucha Pandit Lal Kuan,
City Delhi
Postal code 110006
Fax number -
300 ## - PHYSICAL DESCRIPTION
Extent 394 ص
Dimensions 22 Cm(Hb)
942 ## - ADDED ENTRY ELEMENTS (KOHA)
Source of classification or shelving scheme Dewey Decimal Classification
Item type Urdu Bks
Classification part 844.08
Call number suffix ح ب ی
Holdings
Withdrawn status Lost status Not for loan Collection code Home library Current library Date acquired Source of acquisition Cost, normal purchase price Full call number Barcode Copy number Cost, replacement price Koha item type
    Not For Loan Non-fiction D.B.Act.Division Central Library 15/09/2021 DBAD/PUB 400.00 844.08 ح ب ی U-9787 1 400.00 Urdu Bks

© Delhi Public Library
Hit Counter
free hit counter